000 00260nam a2200121Ia 4500
008 190216s9999||||xx |||||||||||||| ||und||
100 _aKumaranasan N
245 0 _aNalini
260 _bRupa & Co.
_c1988
300 _a102p
650 _aKavithkal
942 _cBK
999 _c24248
_d24248